| 000 | 00969nam a2200193 u 4500 | ||
|---|---|---|---|
| 001 | 000363411 | ||
| 003 | AM-YeHGA | ||
| 005 | 20250617131646.0 | ||
| 008 | 040924s1977 ai r 000 0 arm d | ||
| 040 | _aAM-YeHGA | ||
| 041 | 0 | _aarm | |
| 245 | 0 | 0 |
_aՏեղեկանք Հայաստանի ժուռնալիստների միության վարչության և քարտուղարության 1971-1977 թթ. ժամանակաշրջանի աշխատանքի մասին / _cՀայաստանի ժուռնալիստների մ-թյուն. |
| 246 | 3 | 4 | _aСправка о работе правления и секретариата союза журналистов Армении за период 1971-1977 |
| 260 |
_aԵրևան : _bԱ.հ., _c1977. |
||
| 300 | _a28 էջ | ||
| 653 | 0 | _aՀայաստանի ժուռնալիստների միություն - Տեղեկանք | |
| 710 | 2 | _aՀայաստանի ժուռնալիստների միություն | |
| 090 | _c140432 | ||
| 999 |
_c139055 _d139055 |
||